<?xml version="1.0" encoding="UTF-8"?><?xml-stylesheet type="text/xsl" href="static/style.xsl"?><OAI-PMH xmlns="http://www.openarchives.org/OAI/2.0/" xmlns:xsi="http://www.w3.org/2001/XMLSchema-instance" xsi:schemaLocation="http://www.openarchives.org/OAI/2.0/ http://www.openarchives.org/OAI/2.0/OAI-PMH.xsd"><responseDate>2026-06-01T16:20:36Z</responseDate><request verb="GetRecord" identifier="oai:riuma.uma.es:10630/7597" metadataPrefix="marc">https://riuma.uma.es/rest/oai/request</request><GetRecord><record><header><identifier>oai:riuma.uma.es:10630/7597</identifier><datestamp>2026-02-03T12:33:05Z</datestamp><setSpec>com_10630_2254</setSpec><setSpec>col_10630_37959</setSpec></header><metadata><record xmlns="http://www.loc.gov/MARC21/slim" xmlns:dcterms="http://purl.org/dc/terms/" xmlns:doc="http://www.lyncode.com/xoai" xmlns:xsi="http://www.w3.org/2001/XMLSchema-instance" xsi:schemaLocation="http://www.loc.gov/MARC21/slim http://www.loc.gov/standards/marcxml/schema/MARC21slim.xsd">
   <leader>00925njm 22002777a 4500</leader>
   <datafield ind2=" " ind1=" " tag="042">
      <subfield code="a">dc</subfield>
   </datafield>
   <datafield ind2=" " ind1=" " tag="720">
      <subfield code="a">Lechuga-Jiménez, Clotilde</subfield>
      <subfield code="e">author</subfield>
   </datafield>
   <datafield ind2=" " ind1=" " tag="260">
      <subfield code="c">2014-06-06</subfield>
   </datafield>
   <datafield ind2=" " ind1=" " tag="520">
      <subfield code="a">Este estudio plantea el conocimiento de algunos casos del Patrimonio Artístico de la provincia de Málaga y su presentación en el área de Didáctica de las Ciencias Sociales. Se fundamenta en la relación Historia del Arte, Historia y Geografía, lo cual añade un carácter transdisciplinar. Señalo los nuevos hallazgos en el territorio Antequera, en excavaciones arqueológicas, para construir el imaginario de la época romana en relación con el mundo clásico del Renacimiento y el del siglo XX; añado las aportaciones del pintor Cristóbal Toral y la visibilidad de la memoria histórica con el trabajo realizado por Rogelio López Cuenca. La propuesta es salir de un método lineal de enseñanza-aprendizaje para acceder a una estrategia de relación de la información, sustentado en la utilización de recursos TIC y la actualización del arte en el contexto andaluz.</subfield>
   </datafield>
   <datafield ind1="8" ind2=" " tag="024">
      <subfield code="a">http://hdl.handle.net/10630/7597</subfield>
   </datafield>
   <datafield tag="653" ind2=" " ind1=" ">
      <subfield code="a">Ciencias sociales - Estudio y enseñanza</subfield>
   </datafield>
   <datafield ind2="0" ind1="0" tag="245">
      <subfield code="a">Conocimiento del Patrimonio Artístico de Málaga: la visibilidad en las aulas</subfield>
   </datafield>
</record>
</metadata></record></GetRecord></OAI-PMH>